Polar molecules (Record no. 3963)

MARC details
000 -LEADER
fixed length control field 00549nam a2200205Ia 4500
003 - CONTROL NUMBER IDENTIFIER
control field IN-BaIIA
008 - FIXED-LENGTH DATA ELEMENTS--GENERAL INFORMATION
fixed length control field 211028s9999 xx 000 0 eng d
040 ## - CATALOGING SOURCE
Transcribing agency IIA Library
080 ## - UNIVERSAL DECIMAL CLASSIFICATION NUMBER
Universal Decimal Classification number 539.19
Item number DEB
100 ## - MAIN ENTRY--PERSONAL NAME
Personal name Debye, P
9 (RLIN) 7029
245 #0 - TITLE STATEMENT
Title Polar molecules
Statement of responsibility, etc. P. Debye
260 ## - PUBLICATION, DISTRIBUTION, ETC.
Place of publication, distribution, etc. New York
Name of publisher, distributor, etc. Dover Publications
Date of publication, distribution, etc. 1929
300 ## - PHYSICAL DESCRIPTION
Extent 172p.
490 ## - SERIES STATEMENT
Series statement Dover books on chemistry and physical chemistry
650 ## - SUBJECT ADDED ENTRY--TOPICAL TERM
Topical term or geographic name entry element Molecular physics
9 (RLIN) 1914
650 ## - SUBJECT ADDED ENTRY--TOPICAL TERM
Topical term or geographic name entry element NASA thesaurus
650 ## - SUBJECT ADDED ENTRY--TOPICAL TERM
Topical term or geographic name entry element Polarity
9 (RLIN) 7030
650 ## - SUBJECT ADDED ENTRY--TOPICAL TERM
Topical term or geographic name entry element Polarization
9 (RLIN) 5652
942 ## - ADDED ENTRY ELEMENTS (KOHA)
Koha item type Books
Holdings
Withdrawn status Lost status Damaged status Not for loan Home library Current library Shelving location Date acquired Cost, normal purchase price Total Checkouts Full call number Barcode Date last seen Cost, replacement price Price effective from Koha item type Purchase Price
        IIA Library-Bangalore IIA Library-Bangalore General Stacks 09/08/1972 13.50   539.19/ DEB 4425 05/11/2021 13.50 09/08/1972 Books Rs. 13.50

Powered by Koha